Sociálna práca a jej miesto v procese integrácie marginalizovaných rómskych komunít

Riešenie sociálnych problémov jednotlivcov, skupín a komunít, zameraný na uplatnenie terénnej sociálnej práce v obciach ako významného nástroja v procese integrácie rómskej populácie.

Saved in:
Bibliographic Details
Main Author: Husáková, Mária
Format: Book Chapter
Language:Slovak
Subjects:
Tags: Add Tag
No Tags, Be the first to tag this record!

MARC

LEADER 00000nla a2200000 4500
001 0175386
005 20240502073006.5
041 0 |a slo 
044 |a SK 
245 1 0 |a Sociálna práca a jej miesto v procese integrácie marginalizovaných rómskych komunít  |c Mária Husáková 
520 |a Riešenie sociálnych problémov jednotlivcov, skupín a komunít, zameraný na uplatnenie terénnej sociálnej práce v obciach ako významného nástroja v procese integrácie rómskej populácie. 
610 2 0 |a práca sociálna 
610 2 0 |a skupiny sociálne 
610 2 0 |a situácia sociálna 
610 2 0 |a problémy spoločenské 
610 2 0 |a integrácia sociálna 
610 2 0 |a začlenenie sociálne 
610 2 0 |a Rómovia 
100 1 |a Husáková, Mária